Humano, demasiado humano

Uloženo v:
Podrobná bibliografie
Médium: Kniha
Jazyk:španělština
Vydáno: Madrid EDAF 1984
Vydání:1a. ed
Edice:Biblioteca EDAF, 123
Témata:
Tagy: Přidat tag
Žádné tagy, Buďte první, kdo vytvoří štítek k tomuto záznamu!

MARC

LEADER 00000cam a2200000 a 4500
001 UCZ2144
003 CL-VaPUC
008 950926e19840000SP |||||||||||||||||spa|d
020 |a 8471666227 
082 0 4 |a 193  |b NIE  |2 21 
245 1 0 |a Humano, demasiado humano 
250 |a 1a. ed 
300 |a 311 p 
942 |c BK 
945 |d 19950926 00:00:00  |a cmena 
260 |a Madrid  |b EDAF  |c 1984 
650 0 |a Filosofía alemana   |9 265002 
650 0 |a Teoría del conocimiento   |9 255038 
650 0 |a Existencialismo  |9 265698 
650 0 |a Metafísica  |9 265649 
650 7 |a FILOSOFIA SIGLO 19  |2 CL-VaPUC  |9 315034 
583 |a last modification  |c 20150409 05:33:26  |k Rodrigo Vera 
490 0 |a Biblioteca EDAF, 123 
999 |c 238791  |d 238789 
952 |0 0  |1 0  |4 0  |6 193_000000000000000_NIE_1984  |7 0  |8 A  |9 249288  |a BIBEDU  |b BIBEDU  |d 2019-11-18  |i 1564897  |o 193 NIE 1984  |p 1564897  |r 2019-11-18  |w 2019-11-18  |y BK  |k FIL 
952 |0 0  |1 2  |4 0  |6 193_000000000000000_NIE_1984  |7 0  |8 A  |9 249289  |a BIBTEO  |b BIBTEO  |d 2019-11-18  |i 3176789  |o 193 NIE 1984  |p 3176789  |r 2019-11-18  |w 2019-11-18  |y BK  |k ICR 
952 |0 0  |1 0  |3 erb  |4 0  |6 193_000000000000000_NIE_1984  |7 0  |8 A  |9 249290  |a BIBEDU  |b BIBEDU  |e Villagrán Garnham, Jorge  |i 5159636  |l 2  |o 193 NIE 1984  |p 5159636  |r 2023-07-12  |s 2023-07-05  |w 2019-11-18  |y BK  |z Catalogado en:20150416  |k FIL 
952 |0 0  |1 0  |3 erb  |4 0  |6 193_000000000000000_NIE_1984  |7 0  |8 A  |9 249291  |a BIBEDU  |b BIBEDU  |i 5360862  |l 2  |o 193 NIE 1984  |p 5360862  |r 2024-05-23  |s 2024-05-13  |w 2019-11-18  |y BK  |z Catalogado en:20170119  |k EPE